[Event "POL-ch U20"]
[Site "Bialystok"]
[Date "2009.01.26"]
[Round "3.2"]
[White "Stasiewicz, Jan"]
[Black "Matowicki, Damian"]
[Result "1-0"]
[WhiteElo "1553"]
[BlackElo "100"]
[PlyCount "69"]
[EventDate "2009.01.26"]
[EventType "tourn"]
[EventRounds "9"]
[EventCountry "POL"]
[SourceTitle "EXT 2023"]
[Source "ChessBase"]
[SourceDate "2022.10.05"]
[SourceVersion "1"]
[SourceVersionDate "2022.10.05"]
[SourceQuality "1"]

1. d4 d5 2. c4 c6 3. Nf3 Nf6 4. Nc3 g6 5. Bg5 Bg7 6. e3 Qa5 7. Bxf6 Bxf6 8. cxd5 cxd5 9. Qa4+ Qxa4 10. Nxa4 b6 11. Rc1 Bd7 12. Nc3 0-0 13. Nxd5 Nc6 14. Nxf6+ exf6 15. Be2 a6 16. 0-0 b5 17. a3 Rac8 18. Nd2 Be6 19. Ne4 Kg7 20. Nc5 Nb8 21. Nxe6+ fxe6 22. Bf3 Rxc1 23. Rxc1 Rd8 24. g3 Rd7 25. Rc8 e5 26. Rxb8 exd4 27. Rb7 Rxb7 28. Bxb7 d3 29. Bf3 h5 30. Kf1 Kf7 31. Ke1 Ke6 32. Kd2 g5 33. Kxd3 g4 34. Bb7 f5 35. Bxa6 1-0